<?xml version="1.0" encoding="UTF-8"?>
<marc:record xmlns:marc="http://www.loc.gov/MARC21/slim" type="Bibliographic">
   <marc:leader>00000pam a2200000 c 4500</marc:leader>
   <marc:controlfield tag="001">900715316</marc:controlfield>
   <marc:controlfield tag="003">DE-101</marc:controlfield>
   <marc:controlfield tag="005">20171202150257.0</marc:controlfield>
   <marc:controlfield tag="007">tu</marc:controlfield>
   <marc:controlfield tag="008">900423s1990    gw ||||| |||| 00||||ger  </marc:controlfield>
   <marc:datafield ind1=" " ind2=" " tag="015">
      <marc:subfield code="a">91,A11,1359</marc:subfield>
      <marc:subfield code="z">90,N34,0684</marc:subfield>
      <marc:subfield code="2">dnb</marc:subfield>
   </marc:datafield>
   <marc:datafield ind1="7" ind2=" " tag="016">
      <marc:subfield code="2">DE-101</marc:subfield>
      <marc:subfield code="a">900715316</marc:subfield>
   </marc:datafield>
   <marc:datafield ind1=" " ind2=" " tag="020">
      <marc:subfield code="a">9783795111700</marc:subfield>
      <marc:subfield code="c">Gewebe : DM 58.00</marc:subfield>
      <marc:subfield code="9">978-3-7951-1170-0</marc:subfield>
   </marc:datafield>
   <marc:datafield ind1=" " ind2=" " tag="020">
      <marc:subfield code="a">3795111706</marc:subfield>
      <marc:subfield code="c">Gewebe : DM 58.00</marc:subfield>
      <marc:subfield code="9">3-7951-1170-6</marc:subfield>
   </marc:datafield>
   <marc:datafield ind1=" " ind2=" " tag="035">
      <marc:subfield code="a">(DE-599)DNB900715316</marc:subfield>
   </marc:datafield>
   <marc:datafield ind1=" " ind2=" " tag="035">
      <marc:subfield code="a">(OCoLC)75151457</marc:subfield>
   </marc:datafield>
   <marc:datafield ind1=" " ind2=" " tag="040">
      <marc:subfield code="a">1200</marc:subfield>
      <marc:subfield code="b">ger</marc:subfield>
      <marc:subfield code="c">DE-101</marc:subfield>
      <marc:subfield code="d">9999</marc:subfield>
   </marc:datafield>
   <marc:datafield ind1=" " ind2=" " tag="041">
      <marc:subfield code="a">ger</marc:subfield>
   </marc:datafield>
   <marc:datafield ind1=" " ind2=" " tag="043">
      <marc:subfield code="c">XA-AT</marc:subfield>
   </marc:datafield>
   <marc:datafield ind1=" " ind2=" " tag="044">
      <marc:subfield code="c">XA-DE</marc:subfield>
   </marc:datafield>
   <marc:datafield ind1=" " ind2=" " tag="084">
      <marc:subfield code="a">59</marc:subfield>
      <marc:subfield code="a">53</marc:subfield>
      <marc:subfield code="a">03</marc:subfield>
      <marc:subfield code="a">810</marc:subfield>
      <marc:subfield code="a">820</marc:subfield>
      <marc:subfield code="a">830</marc:subfield>
      <marc:subfield code="a">839</marc:subfield>
      <marc:subfield code="a">840</marc:subfield>
      <marc:subfield code="a">850</marc:subfield>
      <marc:subfield code="a">860</marc:subfield>
      <marc:subfield code="a">870</marc:subfield>
      <marc:subfield code="a">880</marc:subfield>
      <marc:subfield code="a">890</marc:subfield>
      <marc:subfield code="a">B</marc:subfield>
      <marc:subfield code="q">DE-101</marc:subfield>
      <marc:subfield code="2">sdnb</marc:subfield>
   </marc:datafield>
   <marc:datafield ind1=" " ind2=" " tag="084">
      <marc:subfield code="a">11.3c</marc:subfield>
      <marc:subfield code="a">5.2</marc:subfield>
      <marc:subfield code="q">DE-101</marc:subfield>
      <marc:subfield code="2">sswd</marc:subfield>
   </marc:datafield>
   <marc:datafield ind1="0" ind2="0" tag="245">
      <marc:subfield code="a">Josefine Mutzenbacher oder die Geschichte einer wienerischen Dirne</marc:subfield>
      <marc:subfield code="b">von ihr selbst erzählt</marc:subfield>
   </marc:datafield>
   <marc:datafield ind1=" " ind2=" " tag="250">
      <marc:subfield code="a">Ungekürzter Nachdr. der Erstausg. aus dem Jahr 1906</marc:subfield>
      <marc:subfield code="b"> / mit Essays zum Werk Hellmuth Karasek ..., Texten zur Prostitution im Wien der Jahrhundertwende von Josef Schrank, Beitr. zur Ädöologie des Wienerischen von Oswald Wiener, Stimmen zum Buch von Karl Kraus ..., sowie einem Plädoyer von Michael Naumann. Hrsg. und mit einem Dossier von Michael Farin</marc:subfield>
   </marc:datafield>
   <marc:datafield ind1=" " ind2=" " tag="259">
      <marc:subfield code="a">ndr</marc:subfield>
   </marc:datafield>
   <marc:datafield ind1=" " ind2="1" tag="264">
      <marc:subfield code="a">München</marc:subfield>
      <marc:subfield code="b">Schneekluth</marc:subfield>
      <marc:subfield code="c">1990</marc:subfield>
   </marc:datafield>
   <marc:datafield ind1=" " ind2=" " tag="300">
      <marc:subfield code="a">561 S.</marc:subfield>
      <marc:subfield code="c">20 cm</marc:subfield>
   </marc:datafield>
   <marc:datafield ind1=" " ind2=" " tag="336">
      <marc:subfield code="a">Text</marc:subfield>
      <marc:subfield code="b">txt</marc:subfield>
      <marc:subfield code="2">rdacontent</marc:subfield>
   </marc:datafield>
   <marc:datafield ind1=" " ind2=" " tag="337">
      <marc:subfield code="a">ohne Hilfsmittel zu benutzen</marc:subfield>
      <marc:subfield code="b">n</marc:subfield>
      <marc:subfield code="2">rdamedia</marc:subfield>
   </marc:datafield>
   <marc:datafield ind1=" " ind2=" " tag="338">
      <marc:subfield code="a">Band</marc:subfield>
      <marc:subfield code="b">nc</marc:subfield>
      <marc:subfield code="2">rdacarrier</marc:subfield>
   </marc:datafield>
   <marc:datafield ind1="0" ind2=" " tag="490">
      <marc:subfield code="a">Die erotische Bibliothek</marc:subfield>
   </marc:datafield>
   <marc:datafield ind1=" " ind2=" " tag="500">
      <marc:subfield code="a">Bibliogr. J. Mutzenbacher und Literaturverz. S. 545 - 561</marc:subfield>
   </marc:datafield>
   <marc:datafield ind1=" " ind2="7" tag="650">
      <marc:subfield code="0">(DE-588)4079274-2</marc:subfield>
      <marc:subfield code="0">http://d-nb.info/gnd/4079274-2</marc:subfield>
      <marc:subfield code="0">(DE-101)040792749</marc:subfield>
      <marc:subfield code="a">Mundart Mittelbairisch</marc:subfield>
      <marc:subfield code="g">Wien</marc:subfield>
      <marc:subfield code="2">gnd</marc:subfield>
   </marc:datafield>
   <marc:datafield ind1=" " ind2="7" tag="650">
      <marc:subfield code="0">(DE-588)4116485-4</marc:subfield>
      <marc:subfield code="0">http://d-nb.info/gnd/4116485-4</marc:subfield>
      <marc:subfield code="0">(DE-101)041164857</marc:subfield>
      <marc:subfield code="a">Sexualverhalten</marc:subfield>
      <marc:subfield code="2">gnd</marc:subfield>
   </marc:datafield>
   <marc:datafield ind1=" " ind2="7" tag="655">
      <marc:subfield code="0">(DE-588)4066724-8</marc:subfield>
      <marc:subfield code="0">http://d-nb.info/gnd/4066724-8</marc:subfield>
      <marc:subfield code="0">(DE-101)040667243</marc:subfield>
      <marc:subfield code="a">Wörterbuch</marc:subfield>
      <marc:subfield code="2">gnd-content</marc:subfield>
   </marc:datafield>
   <marc:datafield ind1=" " ind2="7" tag="655">
      <marc:subfield code="a">Wörterbuch</marc:subfield>
      <marc:subfield code="2">gnd</marc:subfield>
   </marc:datafield>
   <marc:datafield ind1="0" ind2="0" tag="689">
      <marc:subfield code="0">(DE-588)4079274-2</marc:subfield>
      <marc:subfield code="0">http://d-nb.info/gnd/4079274-2</marc:subfield>
      <marc:subfield code="0">(DE-101)040792749</marc:subfield>
      <marc:subfield code="D">s</marc:subfield>
      <marc:subfield code="a">Mundart Mittelbairisch</marc:subfield>
      <marc:subfield code="g">Wien</marc:subfield>
   </marc:datafield>
   <marc:datafield ind1="0" ind2="1" tag="689">
      <marc:subfield code="0">(DE-588)4116485-4</marc:subfield>
      <marc:subfield code="0">http://d-nb.info/gnd/4116485-4</marc:subfield>
      <marc:subfield code="0">(DE-101)041164857</marc:subfield>
      <marc:subfield code="D">s</marc:subfield>
      <marc:subfield code="a">Sexualverhalten</marc:subfield>
   </marc:datafield>
   <marc:datafield ind1="0" ind2="2" tag="689">
      <marc:subfield code="A">f</marc:subfield>
      <marc:subfield code="a">Wörterbuch</marc:subfield>
   </marc:datafield>
   <marc:datafield ind1="0" ind2=" " tag="689">
      <marc:subfield code="5">DE-101</marc:subfield>
      <marc:subfield code="5">DE-101</marc:subfield>
   </marc:datafield>
   <marc:datafield ind1="1" ind2=" " tag="700">
      <marc:subfield code="0">(DE-588)118840819</marc:subfield>
      <marc:subfield code="0">http://d-nb.info/gnd/118840819</marc:subfield>
      <marc:subfield code="0">(DE-101)118840819</marc:subfield>
      <marc:subfield code="a">Salten, Felix</marc:subfield>
      <marc:subfield code="d">1869-1945</marc:subfield>
      <marc:subfield code="e">Mitwirkender</marc:subfield>
      <marc:subfield code="4">ctb</marc:subfield>
   </marc:datafield>
   <marc:datafield ind1="1" ind2=" " tag="700">
      <marc:subfield code="0">(DE-588)116409010</marc:subfield>
      <marc:subfield code="0">http://d-nb.info/gnd/116409010</marc:subfield>
      <marc:subfield code="0">(DE-101)116409010</marc:subfield>
      <marc:subfield code="a">Farin, Michael</marc:subfield>
      <marc:subfield code="d">1953-</marc:subfield>
      <marc:subfield code="e">Herausgeber</marc:subfield>
      <marc:subfield code="4">edt</marc:subfield>
   </marc:datafield>
   <marc:datafield ind1=" " ind2=" " tag="850">
      <marc:subfield code="a">DE-101b</marc:subfield>
   </marc:datafield>
</marc:record>
